000 01008cam a2200205 4500
001 WB3830-07
008 020813n2002 000 0 eng u
035 _a(Sirsi) u119316
245 _aShake up of fire safety law
260 _c2002
490 _aRICS News Service
_v6 August 2002, (1)
520 _aA single order will replace existing legislation to apply the risk assessment principles introduced by the Fire Precautions (Workplace) Regulations 1997. The consultation document has been published which will mean businesses will no longer have to obtain a fire certificate or to pay any of the associated administration fees. For the RICS News Release: http://www.rics.org/ricscms/bin/show?class=News&template=/includes/shownews.html&id=3366
590 _aWB
650 _aFIRE PRECAUTIONS (WORKPLACE) REGULATIONS 1997
650 _aFIRE LEGISLATION
650 _aFIRE CERTIFICATE
650 _aMANAGEMENT-HEALTH AND SAFETY-FIRE SAFETY
690 _aMANAGEMENT-HEALTH AND SAFETY
942 _n0
999 _c70938
_d70938